[Event "Mislata 2015 Torneo A"]
[Site "Mislata ESP"]
[Date "2015.08.12"]
[Round "4.1"]
[White "Garcia Fernandez, Carlos"]
[Black "Valmana Canto, Jaime"]
[Result "0-1"]
[WhiteElo "2312"]
[BlackElo "2424"]
[PlyCount "40"]
[EventDate "2015.08.10"]
[EventType "swiss"]
[EventRounds "9"]
[EventCountry "ESP"]
[Source "lmi"]
[SourceDate "2015.08.10"]

1. e4 e6 2. d4 d5 3. e5 c5 4. c3 Nc6 5. Nf3 Bd7 6. dxc5 Bxc5 7. b4 Bb6 8. b5
Na5 9. Bd3 Ne7 10. O-O Ng6 11. a4 Rc8 12. Ra2 O-O 13. Ng5 Be8 14. Qh5 h6 15.
Nxe6 fxe6 16. Bxg6 Rf5 17. Qg4 h5 18. Bxf5 hxg4 19. Bxe6+ Bf7 20. Bxc8 Qxc8 0-1

[Event "Mislata 2015 Torneo A"]
[Site "Mislata ESP"]
[Date "2015.08.12"]
[Round "4.2"]
[White "Cruz Lledo, Pablo"]
[Black "Serna Lara, Sergio"]
[Result "1-0"]
[WhiteElo "2291"]
[BlackElo "2205"]
[PlyCount "97"]
[EventDate "2015.08.10"]
[EventType "swiss"]
[EventRounds "9"]
[EventCountry "ESP"]
[Source "lmi"]
[SourceDate "2015.08.10"]

1. d4 d5 2. c4 dxc4 3. Nf3 e6 4. e3 b5 5. a4 b4 6. Bxc4 Nf6 7. O-O Bb7 8. a5 a6
9. Nbd2 Be7 10. Qe2 O-O 11. e4 c5 12. e5 Nfd7 13. Nb3 Qc7 14. Bf4 cxd4 15.
Nfxd4 Nc6 16. Nf3 Rfc8 17. Rfc1 Qd8 18. Bd3 Nf8 19. Rd1 Qe8 20. Nbd2 Nb8 21.
Nc4 Nbd7 22. Ng5 Bd5 23. Ne3 Bb3 24. Rd2 Nc5 25. Ne4 Nxd3 26. Rxd3 Ba4 27. Nd6
Bxd6 28. Rxd6 Bb5 29. Qd2 b3 30. h4 Ng6 31. Bg3 h6 32. Qb4 Ne7 33. Qxb3 Rab8
34. Qd1 Rb7 35. Qg4 Rbc7 36. Kh2 Rc1 37. Rxc1 Rxc1 38. Bf4 Ng6 39. Bxh6 gxh6
40. h5 Rc6 41. hxg6 fxg6 42. Qf4 g5 43. Qf3 Rxd6 44. exd6 Qf8 45. Qg3 Kh7 46.
Ng4 Kg8 47. Qe5 Qf4+ 48. Qxf4 gxf4 49. d7 1-0

[Event "Mislata 2015 Torneo A"]
[Site "Mislata ESP"]
[Date "2015.08.12"]
[Round "4.3"]
[White "Ballester Sanz, Joaquin"]
[Black "Galvan, Jesus"]
[Result "0-1"]
[WhiteElo "2157"]
[BlackElo "2229"]
[PlyCount "80"]
[EventDate "2015.08.10"]
[EventType "swiss"]
[EventRounds "9"]
[EventCountry "ESP"]
[Source "lmi"]
[SourceDate "2015.08.10"]

1. e4 c5 2. Nf3 Nc6 3. d4 cxd4 4. Nxd4 Nf6 5. Nc3 e6 6. Ndb5 Bc5 7. Bf4 O-O 8.
Bc7 Qe7 9. Bd6 Bxd6 10. Qxd6 Qd8 11. Qc7 a6 12. Qxd8 Rxd8 13. Nd6 Kf8 14. O-O-O
Ke7 15. a4 Rb8 16. f4 Ne8 17. Nxe8 Rxe8 18. Be2 Rd8 19. Rd3 b5 20. axb5 axb5
21. Bf3 b4 22. Ne2 Ba6 23. Re3 Rb5 24. Kb1 Ra5 25. Nc1 Bc4 26. b3 Ba6 27. Rd1
Na7 28. Na2 Rb8 29. Rd4 Nc6 30. Rd2 d6 31. Re1 Ra8 32. Nc1 Na7 33. Rd4 Rb8 34.
Na2 Nb5 35. Rxb4 Nc3+ 36. Kb2 Rxa2+ 37. Kxc3 Rc8+ 38. Kd4 Rcxc2 39. Rb8 g5 40.
fxg5 e5+ 0-1

[Event "Mislata 2015 Torneo A"]
[Site "Mislata ESP"]
[Date "2015.08.12"]
[Round "4.4"]
[White "Mingarro Carceller, Sergi"]
[Black "Minaya, Juan"]
[Result "1-0"]
[WhiteElo "2255"]
[BlackElo "2199"]
[PlyCount "67"]
[EventDate "2015.08.10"]
[EventType "swiss"]
[EventRounds "9"]
[EventCountry "ESP"]
[Source "lmi"]
[SourceDate "2015.08.10"]

1. e4 e6 2. d4 c5 3. d5 exd5 4. exd5 d6 5. Bd3 Nf6 6. c4 Be7 7. Nc3 O-O 8. h3
Na6 9. Nf3 Nc7 10. O-O a6 11. a4 b6 12. Qb3 Rb8 13. Re1 Bd7 14. Bf4 Re8 15. Re2
Bf8 16. Rxe8 Ncxe8 17. Re1 Qc8 18. Qc2 g6 19. Nd2 Qc7 20. Bg5 Qb7 21. f4 b5 22.
f5 bxc4 23. Nxc4 Nxd5 24. fxg6 hxg6 25. Be4 Nb4 26. Qf2 Qc8 27. Rf1 Be6 28.
Bxg6 Qd7 29. Ne3 Bg7 30. Bb1 d5 31. Qh4 d4 32. Bh7+ Kf8 33. Nf5 dxc3 34. Be7+
1-0

[Event "Mislata 2015 Torneo A"]
[Site "Mislata ESP"]
[Date "2015.08.12"]
[Round "4.5"]
[White "Nieves Cabanes, Jose Manuel"]
[Black "Ibanez Aullana, Ramon"]
[Result "1/2-1/2"]
[WhiteElo "2211"]
[BlackElo "2316"]
[PlyCount "100"]
[EventDate "2015.08.10"]
[EventType "swiss"]
[EventRounds "9"]
[EventCountry "ESP"]
[Source "lmi"]
[SourceDate "2015.08.10"]

1. d4 Nf6 2. c4 g6 3. Nc3 d5 4. cxd5 Nxd5 5. Bd2 Nb6 6. Nf3 Bg7 7. Bf4 O-O 8.
e3 c5 9. dxc5 N6d7 10. Bc4 Qa5 11. O-O Qxc5 12. Bb3 Nf6 13. Rc1 Qh5 14. Ne5 Nc6
15. Nxc6 bxc6 16. Qxh5 Nxh5 17. Bg5 Nf6 18. Rfd1 h6 19. Bh4 g5 20. Bg3 Bd7 21.
Be5 Rfd8 22. Na4 Be8 23. f3 Nd5 24. Bxg7 Kxg7 25. Kf2 Nb6 26. Nc5 a5 27. Rxd8
Rxd8 28. Ke2 Ra8 29. Na4 Nxa4 30. Bxa4 Kf6 31. Rc2 Ra6 32. Kd3 Ke5 33. Kc4 Kd6
34. Rd2+ Kc7 35. a3 Ra8 36. Kc5 Rb8 37. g3 f6 38. e4 Bd7 39. Re2 Rf8 40. Rd2
Rb8 41. Rg2 Bh3 42. Rd2 Bd7 43. Re2 Rf8 44. Bb3 h5 45. f4 Bg4 46. Rd2 Rb8 47.
Ba4 Bd7 48. f5 g4 49. Re2 h4 50. Bd1 Rb5+ 1/2-1/2

[Event "Mislata 2015 Torneo A"]
[Site "Mislata ESP"]
[Date "2015.08.12"]
[Round "4.6"]
[White "Jordan Arenas, Manuel"]
[Black "Remolar Gallen, Jose"]
[Result "0-1"]
[WhiteElo "2122"]
[BlackElo "2282"]
[PlyCount "64"]
[EventDate "2015.08.10"]
[EventType "swiss"]
[EventRounds "9"]
[EventCountry "ESP"]
[Source "lmi"]
[SourceDate "2015.08.10"]

1. d4 Nf6 2. c4 c5 3. d5 e5 4. Nc3 d6 5. e4 g6 6. Nf3 Bg4 7. Be2 Bxf3 8. Bxf3
h5 9. Qb3 Qc8 10. Bg5 Nbd7 11. Qa4 Be7 12. O-O Nh7 13. Bd2 Bg5 14. Nb5 Ke7 15.
Be1 f5 16. exf5 gxf5 17. Qc2 Ndf6 18. Bc3 a6 19. Na3 Ng4 20. h3 Bf6 21. g3 Ng5
22. Bg2 h4 23. hxg4 fxg4 24. Qe2 Qf5 25. Nc2 Nf3+ 26. Bxf3 gxf3 27. Ne3 Qh5 28.
Qc2 hxg3 29. fxg3 Bg5 30. Kf2 Bxe3+ 31. Kxe3 Qh6+ 32. Kf2 Qh2+ 0-1

[Event "Mislata 2015 Torneo A"]
[Site "Mislata ESP"]
[Date "2015.08.12"]
[Round "4.7"]
[White "Jordan Martinez, Miguel"]
[Black "Fernandez Ayuso, Sergio"]
[Result "1-0"]
[WhiteElo "2222"]
[BlackElo "2102"]
[PlyCount "107"]
[EventDate "2015.08.10"]
[EventType "swiss"]
[EventRounds "9"]
[EventCountry "ESP"]
[Source "lmi"]
[SourceDate "2015.08.10"]

1. e4 e5 2. Nf3 Nc6 3. Bc4 Bc5 4. c3 Nf6 5. d3 d6 6. Nbd2 a6 7. Bb3 Ba7 8. O-O
h6 9. Re1 O-O 10. Nf1 Ne7 11. Ng3 Ng6 12. d4 Bg4 13. Be3 Nh4 14. Bc4 Nxf3+ 15.
gxf3 Bh3 16. Qd2 Kh7 17. Rad1 Qc8 18. Kh1 g5 19. Bxg5 hxg5 20. Qxg5 Rg8 21.
Qxf6 Rg6 22. Qxf7+ Kh6 23. Rg1 Qf8 24. Nf5+ Bxf5 25. exf5 Rxg1+ 26. Kxg1 Qxf7
27. Bxf7 exd4 28. cxd4 Kg5 29. Be6 Rh8 30. f4+ Kf6 31. Kg2 Rh7 32. d5 Rg7+ 33.
Kf3 Rh7 34. Rg1 Rg7 35. Rg3 c6 36. h4 cxd5 37. h5 Bd4 38. h6 Rh7 39. Rg6+ Ke7
40. Bg8 Rh8 41. b3 b5 42. Re6+ Kd7 43. h7 a5 44. Re2 Ba1 45. Kg4 Bc3 46. Kf3
Kc6 47. Re6 Kd7 48. Ke2 Ba1 49. Kd3 Bb2 50. Rg6 Ke7 51. f6+ Bxf6 52. Rxf6 Kxf6
53. Kd4 a4 54. Kxd5 1-0

[Event "Mislata 2015 Torneo A"]
[Site "Mislata ESP"]
[Date "2015.08.12"]
[Round "4.8"]
[White "Calvo Alfonso, Vicente"]
[Black "Sanchez Romero, Miquel Angel"]
[Result "1/2-1/2"]
[WhiteElo "2079"]
[BlackElo "2216"]
[PlyCount "28"]
[EventDate "2015.08.10"]
[EventType "swiss"]
[EventRounds "9"]
[EventCountry "ESP"]
[Source "lmi"]
[SourceDate "2015.08.10"]

1. d4 Nf6 2. c4 g6 3. Nc3 d5 4. Nf3 Bg7 5. Bg5 Ne4 6. cxd5 Nxg5 7. Nxg5 O-O 8.
Nf3 c6 9. dxc6 Nxc6 10. e3 Qa5 11. Bb5 e5 12. Bxc6 exd4 13. Nxd4 bxc6 14. O-O
c5 1/2-1/2

[Event "Mislata 2015 Torneo A"]
[Site "Mislata ESP"]
[Date "2015.08.13"]
[Round "5.2"]
[White "Galvan, Jesus"]
[Black "Jordan Martinez, Miguel"]
[Result "0-1"]
[WhiteElo "2229"]
[BlackElo "2222"]
[PlyCount "82"]
[EventDate "2015.08.10"]
[EventType "swiss"]
[EventRounds "9"]
[EventCountry "ESP"]
[Source "lmi"]
[SourceDate "2015.08.10"]

1. d4 d5 2. c4 c6 3. Nc3 Nf6 4. Nf3 e6 5. e3 Nbd7 6. Qc2 Be7 7. g4 dxc4 8. Bxc4
Nd5 9. Bd2 b6 10. e4 Nxc3 11. Bxc3 b5 12. Bd3 b4 13. Bd2 Bb7 14. Qa4 Nc5 15.
Qc2 Nxd3+ 16. Qxd3 O-O 17. Be3 c5 18. Nd2 Bf6 19. Nb3 cxd4 20. Bd2 Qb6 21. g5
Ba6 22. Qg3 Be7 23. O-O-O Rac8+ 24. Kb1 Bb7 25. f3 a5 26. Bf4 Rfd8 27. Rd2 d3
28. h4 a4 29. Nc1 a3 30. h5 Rc2 31. Rxc2 dxc2+ 32. Kxc2 Qd4 33. Be5 Bxe4+ 34.
fxe4 Qxe4+ 35. Nd3 Qxh1 36. g6 Qxh5 37. gxf7+ Qxf7 38. bxa3 bxa3 39. Bc3 Bf6
40. Bb4 Qd7 41. Bxa3 Qa4+ 0-1

[Event "Mislata 2015 Torneo A"]
[Site "Mislata ESP"]
[Date "2015.08.13"]
[Round "5.3"]
[White "Remolar Gallen, Jose"]
[Black "Mingarro Carceller, Sergi"]
[Result "1-0"]
[WhiteElo "2282"]
[BlackElo "2255"]
[PlyCount "67"]
[EventDate "2015.08.10"]
[EventType "swiss"]
[EventRounds "9"]
[EventCountry "ESP"]
[Source "lmi"]
[SourceDate "2015.08.10"]

1. d4 f5 2. Nf3 Nf6 3. g3 g6 4. Bg2 Bg7 5. O-O O-O 6. b3 d6 7. Bb2 c6 8. c4 Qc7
9. Nbd2 Re8 10. Re1 e5 11. dxe5 dxe5 12. e4 fxe4 13. Ng5 Bg4 14. Qc1 Na6 15.
Ba3 Qa5 16. Ngxe4 Nb4 17. Bxb4 Qxb4 18. c5 Rad8 19. a3 Qd4 20. Nxf6+ Bxf6 21.
Ne4 Be7 22. Ra2 Qd1 23. Qc4+ Kf8 24. Rxd1 Rxd1+ 25. Bf1 Bh3 26. Nd2 Rd8 27. Qe2
Rc1 28. Qxe5 Rxd2 29. Qh8+ Kf7 30. Qxh7+ Ke8 31. Qxg6+ Kf8 32. Qh6+ Ke8 33.
Qh5+ Kf8 34. Qxh3 1-0

[Event "Mislata 2015 Torneo A"]
[Site "Mislata ESP"]
[Date "2015.08.13"]
[Round "5.4"]
[White "Reig Albero, Ferran"]
[Black "Sos Andreu, Eric"]
[Result "0-1"]
[WhiteElo "2067"]
[BlackElo "2362"]
[PlyCount "76"]
[EventDate "2015.08.10"]
[EventType "swiss"]
[EventRounds "9"]
[EventCountry "ESP"]
[Source "lmi"]
[SourceDate "2015.08.10"]

1. e4 c6 2. Nf3 d5 3. Nc3 Nf6 4. e5 Ne4 5. Ne2 Qb6 6. d4 e6 7. Ng3 c5 8. c3 Nc6
9. Bd3 cxd4 10. cxd4 Bb4+ 11. Kf1 Nxg3+ 12. hxg3 Bd7 13. a3 Be7 14. b4 h6 15.
g4 Rc8 16. Be3 Nb8 17. Rc1 Rc6 18. g3 Rxc1 19. Qxc1 Bb5 20. Bxb5+ Qxb5+ 21. Kg2
Nc6 22. g5 h5 23. g6 fxg6 24. Qb1 Kf7 25. Nh4 Bxh4 26. Rxh4 Ne7 27. g4 Qe2 28.
Bg5 Rf8 29. gxh5 Ke8 30. Qf1 Qxf1+ 31. Kxf1 Nf5 32. Rh3 gxh5 33. Rd3 Kd7 34.
Ke2 Rc8 35. Be3 Rc4 36. f4 h4 37. Bf2 Kc6 38. Kf3 Rc2 0-1

[Event "Mislata 2015 Torneo A"]
[Site "Mislata ESP"]
[Date "2015.08.13"]
[Round "5.5"]
[White "Castella Garcia, Fausto"]
[Black "Calvo Alfonso, Vicente"]
[Result "1-0"]
[WhiteElo "2310"]
[BlackElo "2079"]
[PlyCount "45"]
[EventDate "2015.08.10"]
[EventType "swiss"]
[EventRounds "9"]
[EventCountry "ESP"]
[Source "lmi"]
[SourceDate "2015.08.10"]

1. e4 c6 2. d4 d5 3. e5 Bf5 4. Nf3 e6 5. Be2 Ne7 6. O-O Nd7 7. Nbd2 Nc8 8. c4
Be7 9. c5 O-O 10. b4 f6 11. Nb3 Bg4 12. Bb2 Qc7 13. Re1 b6 14. exf6 gxf6 15.
Nh4 f5 16. Bxg4 Bxh4 17. Bh3 Nf6 18. g3 Bg5 19. Rxe6 Ne7 20. Qe2 Rae8 21. f4
Bh6 22. Re1 Kf7 23. b5 1-0

[Event "Mislata 2015 Torneo A"]
[Site "Mislata ESP"]
[Date "2015.08.13"]
[Round "5.6"]
[White "Minaya, Juan"]
[Black "Nieves Cabanes, Jose Manuel"]
[Result "0-1"]
[WhiteElo "2199"]
[BlackElo "2211"]
[PlyCount "108"]
[EventDate "2015.08.10"]
[EventType "swiss"]
[EventRounds "9"]
[EventCountry "ESP"]
[Source "lmi"]
[SourceDate "2015.08.10"]

1. Nf3 Nf6 2. c4 b6 3. g3 Bb7 4. Bg2 e6 5. O-O Be7 6. Nc3 O-O 7. d4 Ne4 8. Bd2
Bf6 9. Rc1 Nxd2 10. Qxd2 d6 11. e4 g6 12. Rfd1 Nd7 13. b4 Qe7 14. a3 Rad8 15.
Qe3 Bg7 16. Rc2 c5 17. Rcd2 cxd4 18. Nxd4 Ne5 19. Bf1 Rc8 20. Ndb5 Nxc4 21.
Bxc4 Rxc4 22. Rxd6 Qf6 23. Rd7 Bc8 24. Rxa7 Rxc3 25. Nxc3 Qxc3 26. Qxc3 Bxc3
27. Rc7 Bb2 28. Rd2 Be5 29. Rc4 Ba6 30. Rcc2 g5 31. f3 Bb5 32. Rc1 Ra8 33. Ra2
Ba4 34. Rb1 Rc8 35. Kg2 h5 36. b5 Rc5 37. Rb4 Bxb5 38. a4 Bc4 39. Rd2 b5 40.
axb5 Bxb5 41. Rb1 Bc6 42. Rbd1 g4 43. h3 gxf3+ 44. Kxf3 Rc3+ 45. Rd3 Rxd3+ 46.
Rxd3 f5 47. Rd8+ Kf7 48. g4 fxe4+ 49. Ke3 hxg4 50. hxg4 Bd5 51. Rc8 Bf6 52. Rb8
Bg5+ 53. Kd4 e3 54. Kd3 Bf3 0-1

[Event "Mislata 2015 Torneo A"]
[Site "Mislata ESP"]
[Date "2015.08.13"]
[Round "5.7"]
[White "Serna Lara, Sergio"]
[Black "Ballester Sanz, Joaquin"]
[Result "1/2-1/2"]
[WhiteElo "2205"]
[BlackElo "2157"]
[PlyCount "23"]
[EventDate "2015.08.10"]
[EventType "swiss"]
[EventRounds "9"]
[EventCountry "ESP"]
[Source "lmi"]
[SourceDate "2015.08.10"]

1. Nf3 d5 2. c4 e6 3. d4 c6 4. Qc2 Nf6 5. Bg5 Be7 6. Nbd2 Nbd7 7. e3 O-O 8. Bd3
h6 9. Bh4 c5 10. Bxf6 Nxf6 11. dxc5 dxc4 12. Qxc4 1/2-1/2

[Event "Mislata 2015 Torneo A"]
[Site "Mislata ESP"]
[Date "2015.08.13"]
[Round "5.8"]
[White "Torrijos Garcia, Borja"]
[Black "Jordan Arenas, Manuel"]
[Result "1/2-1/2"]
[WhiteElo "1862"]
[BlackElo "2122"]
[PlyCount "89"]
[EventDate "2015.08.10"]
[EventType "swiss"]
[EventRounds "9"]
[EventCountry "ESP"]
[Source "lmi"]
[SourceDate "2015.08.10"]

1. c4 e5 2. Nc3 Nc6 3. g3 Nf6 4. Bg2 Bb4 5. Nd5 O-O 6. Nxb4 Nxb4 7. d3 c5 8.
Nf3 d6 9. O-O h6 10. Ne1 Rb8 11. a3 Nc6 12. Nc2 Be6 13. f4 Nd4 14. Nxd4 exd4
15. e4 dxe3 16. Bxe3 Re8 17. Qd2 Qd7 18. Rfe1 b6 19. Rad1 Re7 20. Bf2 Rbe8 21.
b3 Ng4 22. Bf1 Nxf2 23. Kxf2 d5 24. Re3 d4 25. Re5 Bg4 26. Rxe7 Qxe7 27. Re1
Qxe1+ 28. Qxe1 Rxe1 29. Kxe1 a5 30. Kd2 Kf8 31. Be2 Bd7 32. Bf3 Ke7 33. a4 Kf6
34. Ke1 Kf5 35. h3 Kf6 36. Bg4 Bc6 37. Kf2 g5 38. Bf3 Bd7 39. Bg4 Bc6 40. Bf3
Be8 41. fxg5+ hxg5 42. g4 Ke5 43. Kg3 f6 44. Be4 Bd7 45. Kf3 1/2-1/2

[Event "Mislata 2015 Torneo A"]
[Site "Mislata ESP"]
[Date "2015.08.13"]
[Round "6.1"]
[White "Remolar Gallen, Jose"]
[Black "Valmana Canto, Jaime"]
[Result "0-1"]
[WhiteElo "2282"]
[BlackElo "2424"]
[PlyCount "52"]
[EventDate "2015.08.10"]
[EventType "swiss"]
[EventRounds "9"]
[EventCountry "ESP"]
[Source "lmi"]
[SourceDate "2015.08.10"]

1. e4 e6 2. d4 d5 3. e5 c5 4. c3 Nc6 5. Nf3 Bd7 6. a3 c4 7. Bg5 Nge7 8. Nbd2
Na5 9. Qb1 Ba4 10. Be2 Qd7 11. Bd1 Nc8 12. h4 h6 13. Bf4 Nb6 14. h5 O-O-O 15.
g4 Be7 16. Be2 Kb8 17. g5 Ka8 18. g6 Rhf8 19. Bg3 Nb3 20. Nxb3 cxb3 21. gxf7
Rxf7 22. Qg6 Rdf8 23. Nh4 Bb5 24. Bg4 Qc8 25. Ng2 Na4 26. Qxe6 Qc7 0-1

[Event "Mislata 2015 Torneo A"]
[Site "Mislata ESP"]
[Date "2015.08.13"]
[Round "6.2"]
[White "Cruz Lledo, Pablo"]
[Black "Jordan Martinez, Miguel"]
[Result "1/2-1/2"]
[WhiteElo "2291"]
[BlackElo "2222"]
[PlyCount "98"]
[EventDate "2015.08.10"]
[EventType "swiss"]
[EventRounds "9"]
[EventCountry "ESP"]
[Source "lmi"]
[SourceDate "2015.08.10"]

1. d4 d5 2. Nf3 c6 3. e3 Nf6 4. Bd3 e6 5. O-O Nbd7 6. b3 Bd6 7. Bb2 Qc7 8. c4
b6 9. Nbd2 Bb7 10. Qe2 c5 11. e4 dxe4 12. Nxe4 Nxe4 13. Bxe4 Bxe4 14. Qxe4 O-O
15. dxc5 Nxc5 16. Qc2 e5 17. Ng5 g6 18. Rfe1 Rfe8 19. Rad1 f6 20. Ne4 Nxe4 21.
Qxe4 Bc5 22. Kh1 Bxf2 23. Rf1 Bd4 24. Bxd4 exd4 25. Qxd4 f5 26. h3 Rad8 27. Qf6
Rxd1 28. Rxd1 Qe7 29. Qd4 Kf7 30. a4 Qe4 31. Qd2 Kg7 32. a5 f4 33. axb6 axb6
34. Qb2+ Kg8 35. Rf1 Re6 36. Qd2 Qe3 37. Qd8+ Kg7 38. Qc7+ Re7 39. Qxf4 Qxf4
40. Rxf4 Re3 41. Rf3 Rxf3 42. gxf3 Kf6 43. f4 Kf5 44. b4 Kxf4 45. Kg2 Ke4 46.
Kg3 Kd4 47. c5 bxc5 48. bxc5 Kxc5 49. Kf4 Kd5 1/2-1/2

[Event "Mislata 2015 Torneo A"]
[Site "Mislata ESP"]
[Date "2015.08.13"]
[Round "6.3"]
[White "Sos Andreu, Eric"]
[Black "Galvan, Jesus"]
[Result "1-0"]
[WhiteElo "2362"]
[BlackElo "2229"]
[PlyCount "82"]
[EventDate "2015.08.10"]
[EventType "swiss"]
[EventRounds "9"]
[EventCountry "ESP"]
[Source "lmi"]
[SourceDate "2015.08.10"]

1. d4 c5 2. d5 e6 3. c4 exd5 4. cxd5 d6 5. Nc3 Nf6 6. g3 g6 7. Nf3 Bg7 8. Bg2
O-O 9. O-O Re8 10. Nd2 a6 11. a4 Nbd7 12. h3 Rb8 13. Nc4 Ne5 14. Na3 Nh5 15. e4
Bd7 16. a5 Qxa5 17. g4 Nf6 18. f4 Nexg4 19. hxg4 Nxg4 20. f5 h5 21. Bg5 Qb4 22.
f6 Qxb2 23. Qf3 Ne5 24. Qg3 Bf8 25. Rfb1 h4 26. Qe3 Ng4 27. Rxb2 Nxe3 28. Bxe3
b5 29. Nc2 b4 30. Nb1 Bb5 31. Nd2 Ra8 32. Ra5 Kh7 33. Bf1 Bxf1 34. Kxf1 Bh6 35.
Kf2 g5 36. Kf3 Kg6 37. Rba2 b3 38. Nxb3 g4+ 39. Kxg4 Rxe4+ 40. Kf3 Rb4 41. Nxb4
Re8 1-0

[Event "Mislata 2015 Torneo A"]
[Site "Mislata ESP"]
[Date "2015.08.13"]
[Round "6.4"]
[White "Nieves Cabanes, Jose Manuel"]
[Black "Castella Garcia, Fausto"]
[Result "0-1"]
[WhiteElo "2211"]
[BlackElo "2310"]
[PlyCount "42"]
[EventDate "2015.08.10"]
[EventType "swiss"]
[EventRounds "9"]
[EventCountry "ESP"]
[Source "lmi"]
[SourceDate "2015.08.10"]

1. d4 g6 2. c4 Bg7 3. Nf3 d6 4. e4 Nf6 5. Nc3 O-O 6. h3 e5 7. d5 Nh5 8. g3 f5
9. exf5 gxf5 10. Nh4 Nf4 11. Nxf5 Bxf5 12. gxf4 Na6 13. a3 exf4 14. Bxf4 Qh4
15. Be3 Rae8 16. Kd2 Bh6 17. Ne2 Nc5 18. Bg2 Rxe3 19. fxe3 Qxc4 20. Rc1 Nb3+
21. Ke1 Qh4+ 0-1

[Event "Mislata 2015 Torneo A"]
[Site "Mislata ESP"]
[Date "2015.08.13"]
[Round "6.5"]
[White "Ibanez Aullana, Ramon"]
[Black "Serna Lara, Sergio"]
[Result "1/2-1/2"]
[WhiteElo "2316"]
[BlackElo "2205"]
[PlyCount "109"]
[EventDate "2015.08.10"]
[EventType "swiss"]
[EventRounds "9"]
[EventCountry "ESP"]
[Source "lmi"]
[SourceDate "2015.08.10"]

1. e4 e6 2. Nf3 d5 3. e5 c5 4. b4 d4 5. bxc5 Bxc5 6. Ba3 Qa5 7. Qe2 Bd7 8. Bxc5
Qxc5 9. Qc4 Qxc4 10. Bxc4 Nc6 11. O-O Nge7 12. Re1 O-O-O 13. d3 Kc7 14. Nbd2
Be8 15. Nb3 Nc8 16. a4 a6 17. a5 N8e7 18. Re4 Nd5 19. Rae1 Ndb4 20. R1e2 Nd5
21. Re1 Ndb4 22. R4e2 h6 23. h4 Rg8 24. Rd2 g5 25. hxg5 hxg5 26. Re4 g4 27.
Nfxd4 Nd5 28. Ne2 Nce7 29. Nbd4 Nc6 30. Nxc6 Bxc6 31. d4 b5 32. Bxd5 Bxd5 33.
Rf4 Rg7 34. Nc3 b4 35. Nd1 Kc6 36. Ne3 Kb5 37. Nxg4 Kxa5 38. f3 Kb5 39. Ne3 a5
40. Kf2 a4 41. Rh4 a3 42. Rh1 Ka4 43. Ra1 Rgg8 44. g4 Rh8 45. Kg3 Kb5 46. Rb1
Ka4 47. Ra1 Kb5 48. Rd3 Rd7 49. Rdd1 Rc8 50. Rd3 Bc4 51. Rdd1 Rcd8 52. Rdb1 Ra7
53. Rd1 Rad7 54. Rdb1 Ra7 55. Rd1 1/2-1/2

[Event "Mislata 2015 Torneo A"]
[Site "Mislata ESP"]
[Date "2015.08.13"]
[Round "6.6"]
[White "Orosa Martinez, Victor"]
[Black "Garcia Fernandez, Carlos"]
[Result "0-1"]
[WhiteElo "2114"]
[BlackElo "2312"]
[PlyCount "48"]
[EventDate "2015.08.10"]
[EventType "swiss"]
[EventRounds "9"]
[EventCountry "ESP"]
[Source "lmi"]
[SourceDate "2015.08.10"]

1. e4 d6 2. d4 Nf6 3. Nc3 Nbd7 4. g4 h6 5. h3 e5 6. Nge2 c6 7. Bg2 b5 8. Ng3 g6
9. O-O h5 10. Bg5 hxg4 11. hxg4 Be7 12. d5 b4 13. dxc6 bxc3 14. cxd7+ Nxd7 15.
Bxe7 Qxe7 16. f3 cxb2 17. Rb1 Rb8 18. Qd5 Nc5 19. Rfd1 Be6 20. Qc6+ Qd7 21.
Rxd6 Qxc6 22. Rxc6 Na4 23. Ne2 Bxa2 24. Rxb2 Nxb2 0-1

[Event "Mislata 2015 Torneo A"]
[Site "Mislata ESP"]
[Date "2015.08.13"]
[Round "6.7"]
[White "Mingarro Carceller, Sergi"]
[Black "Fernandez Gil, Ruben Carlos"]
[Result "1-0"]
[WhiteElo "2255"]
[BlackElo "2083"]
[PlyCount "45"]
[EventDate "2015.08.10"]
[EventType "swiss"]
[EventRounds "9"]
[EventCountry "ESP"]
[Source "lmi"]
[SourceDate "2015.08.10"]

1. e4 e6 2. d4 d5 3. Nc3 Bb4 4. e5 b6 5. a3 Bf8 6. Nf3 Ne7 7. Bd3 Ba6 8. Nb5
Nf5 9. g4 Nh6 10. Bxh6 gxh6 11. Nc3 Bxd3 12. Qxd3 Qd7 13. O-O-O Nc6 14. Nd2
O-O-O 15. f4 Kb7 16. f5 Na5 17. Rhf1 c5 18. dxc5 Bxc5 19. b4 Be7 20. bxa5 Bxa3+
21. Kb1 Qe7 22. Nb3 d4 23. Qe4+ 1-0

[Event "Mislata 2015 Torneo A"]
[Site "Mislata ESP"]
[Date "2015.08.13"]
[Round "6.8"]
[White "Sanchez Romero, Miquel Angel"]
[Black "Torrijos Garcia, Borja"]
[Result "1-0"]
[WhiteElo "2216"]
[BlackElo "1862"]
[PlyCount "63"]
[EventDate "2015.08.10"]
[EventType "swiss"]
[EventRounds "9"]
[EventCountry "ESP"]
[Source "lmi"]
[SourceDate "2015.08.10"]

1. e4 d5 2. exd5 Nf6 3. Bb5+ Bd7 4. Be2 Bf5 5. d4 Nxd5 6. Nf3 e6 7. O-O Nc6 8.
a3 a6 9. c4 Nb6 10. Nc3 Bg4 11. d5 exd5 12. cxd5 Ne7 13. Qd4 Bh5 14. Re1 f6 15.
Bf4 Nbxd5 16. Nxd5 Qxd5 17. Qxd5 Nxd5 18. Bxa6+ Be7 19. Bxb7 Rd8 20. Bg3 Bxf3
21. gxf3 Kf7 22. Rad1 Nb6 23. Bxc7 Rxd1 24. Rxd1 Na4 25. b4 Nc3 26. Rd3 Nb5 27.
Bg3 h5 28. h3 h4 29. Bf4 Ke6 30. a4 Nd6 31. Bd5+ Kd7 32. b5 1-0

[Event "Mislata 2015 Torneo A"]
[Site "Mislata ESP"]
[Date "2015.08.14"]
[Round "7.1"]
[White "Valmana Canto, Jaime"]
[Black "Sos Andreu, Eric"]
[Result "1-0"]
[WhiteElo "2424"]
[BlackElo "2362"]
[PlyCount "85"]
[EventDate "2015.08.10"]
[EventType "swiss"]
[EventRounds "9"]
[EventCountry "ESP"]
[Source "lmi"]
[SourceDate "2015.08.10"]

1. e4 d5 2. exd5 Qxd5 3. Nc3 Qa5 4. d4 c6 5. Nf3 Nf6 6. Ne5 Nbd7 7. Nc4 Qc7 8.
g3 Nb6 9. Ne5 g6 10. Bf4 Qd8 11. Bg2 Nbd5 12. Nxd5 Nxd5 13. Bd2 Bg7 14. O-O O-O
15. Qe2 Nb6 16. Be3 Be6 17. b3 Qc8 18. Rfe1 Nd7 19. Nd3 Bd5 20. Bh3 f5 21. Rad1
Re8 22. c4 Bf7 23. f4 Qc7 24. Bg2 Rad8 25. Ne5 Nxe5 26. dxe5 Be6 27. h4 h5 28.
Qf2 b6 29. a4 Bc8 30. c5 bxc5 31. Bxc5 Be6 32. Rxd8 Rxd8 33. Bxa7 Rd3 34. b4
Qd7 35. Bc5 Bd5 36. a5 Ra3 37. e6 Qb7 38. Bxd5 cxd5 39. Kh2 Rb3 40. Kh3 d4 41.
Qg2 Qc8 42. Qa2 Rc3 43. a6 1-0

[Event "Mislata 2015 Torneo A"]
[Site "Mislata ESP"]
[Date "2015.08.14"]
[Round "7.2"]
[White "Castella Garcia, Fausto"]
[Black "Cruz Lledo, Pablo"]
[Result "1/2-1/2"]
[WhiteElo "2310"]
[BlackElo "2291"]
[PlyCount "115"]
[EventDate "2015.08.10"]
[EventType "swiss"]
[EventRounds "9"]
[EventCountry "ESP"]
[Source "lmi"]
[SourceDate "2015.08.10"]

1. e4 c6 2. Nc3 d5 3. Nf3 Bg4 4. h3 Bxf3 5. Qxf3 e6 6. d4 dxe4 7. Qxe4 Nf6 8.
Qd3 Nbd7 9. g3 Bd6 10. Bg2 O-O 11. O-O e5 12. d5 Nc5 13. Qe2 cxd5 14. Nxd5 Nxd5
15. Bxd5 Kh8 16. a4 Qe7 17. a5 Rad8 18. h4 e4 19. b4 Be5 20. Be3 Na6 21. Rad1
Nxb4 22. Bxe4 Bxg3 23. Qg4 Be5 24. Rb1 Nd5 25. Bg5 f6 26. Bc1 Bb8 27. Qg2 Qf7
28. c4 Nc3 29. Rxb7 Rd7 30. Rxd7 Qxd7 31. Bf3 Rc8 32. Bg4 f5 33. Bh5 Rxc4 34.
Re1 Re4 35. Rxe4 Nxe4 36. Bb2 Bc7 37. Bf3 Nc5 38. h5 Nd3 39. Bc3 Nf4 40. Qf1 h6
41. Qa6 Bd6 42. Qc4 Nh3+ 43. Kf1 Ng5 44. Bd5 f4 45. a6 f3 46. Ke1 Qe7+ 47. Kd1
Bc5 48. Kc1 Nh3 49. Bxf3 Nxf2 50. Qd5 Bb4 51. Bb2 Ba3 52. Kb1 Bxb2 53. Kxb2
Qb4+ 54. Kc2 Qa4+ 55. Kd2 Qxa6 56. Qa8+ Kh7 57. Be4+ Nxe4+ 58. Qxe4+ 1/2-1/2